Statistiques concernant Quiz sur Dubaï

Cliquez ici pour prendre le quiz!

Statistiques générales

  • Ce quiz a été pris 241 fois
  • Le résultat moyen est 7 sur 15

Statistiques - réponses

QuestionsRéponses% Correct
Langue officielleArabe
97%
Pays dans lequel se trouve DubaïEmirats Arabes Unis
96%
Continent sur lequel se trouve cette villeAsie
94%
Plus grand gratte-ciel au mondeBurj Khalifa
82%
Ressource naturelle faisant vivre le pays et la villePétrole
68%
Religion principaleIslam
65%
Compagnie aérienne desservant principalement la villeEmirates
63%
Seul hôtel 7 étoiles auto-proclamé au mondeBurj Al arab
51%
Biome qui entoure la ville de DubaïDésert
34%
Evènement qu'accueillera Dubaï en 2022Exposition Universelle
27%
Devise MonétaireDirham des Emirats arabes unis
9%
Souk le plus célèbre se trouvant à DeiraSouk de l'or
9%
Année durant laquelle Dubaï a été fondé1833
5%
Symbole nationalLe faucon doré
3%
Bras de mer traversant la villeKhor Dubai
2%

Distribution des résultats

Percentile par nombre de réponses

% des personnes avec chaque résultat

Votre développement - résultats

Vous n’avez pas pris ce quiz